Немецко-русский и русско-немецкий словарь по промышленной гидравлике и пневматике: около 10000 терминов

Podrobná bibliografie
Hlavní autor: Маширов В. В. Валерий Васильевич
Jazyk:ruština
němčina
Vydáno: Москва, Русский язык, 1979
Témata:
Médium: MixedMaterials Kniha
KOHA link:https://koha.lib.tpu.ru/cgi-bin/koha/opac-detail.pl?biblionumber=21663

MARC

LEADER 00000nam0a2200000 4500
001 21663
005 20231101205438.0
035 |a (RuTPU)RU\TPU\book\21869 
035 |a BOOK00006562 
090 |a 21663 
100 |a 20011209d1979 km y0rusy50 ca 
101 0 |a rus  |a ger 
102 |a RU 
105 |a y e 000zy 
200 1 |a Немецко-русский и русско-немецкий словарь по промышленной гидравлике и пневматике  |e около 10000 терминов  |f В. В. Маширов 
210 |a Москва  |c Русский язык  |d 1979 
215 |a 280 с. 
606 1 |a Немецкий язык  |x Терминологические словари  |2 stltpush  |3 (RuTPU)RU\TPU\subj\45383  |9 64626 
606 1 |a Приводы  |2 stltpush  |3 (RuTPU)RU\TPU\subj\51651  |9 70224 
610 1 |a словари 
610 1 |a параллельные словари 
610 1 |a терминологические словари 
610 1 |a гидравлика 
610 1 |a пневматика 
675 |a 62-8(038)  |v 3 
686 |a Ш143.24-43  |v LBC/SL-A  |2 rubbk 
700 1 |a Маширов  |b В. В.  |g Валерий Васильевич 
801 0 |a RU  |b 63413507  |c 20011209  |g PSBO 
801 2 |a RU  |b 63413507  |c 20161021  |g PSBO 
942 |c BK